01321nam a22003254a 4500001001200000003000800012006001900020007001500039008004100054010001700095020001500112020002800127040002100155035002000176050002300196082001200219245012100231260004400352300002300396490005100419504005200470533015200522650005500674650002000729655002900749700003400778710001700812830004000829856012600869ebr10052013CaPaEBRm u cr cn|||||||||030828s2004 dcua sb i000 0 eng  z 2003062509 z0821356615 z0821356623 (electronic) aCaPaEBRcCaPaEBR a(OCoLC)5743894214aHM708b.M43 2004eb04a30222200aMeasuring social capitalh[electronic resource] :ban integrated questionnaire /cChristiaan Grootaert ... [et al.]. aWashington, D.C. :bWorld Bank,cc2004. avii, 53 p. :bill.1 aWorld Bank working paper,x1726-5878 ;vno. 18 aIncludes bibliographical references (p. 51-53). aElectronic reproduction.bPalo Alto, Calif. :cebrary,d2013.nAvailable via World Wide Web.nAccess may be limited to ebrary affiliated libraries. 0aSocial capital (Sociology)xResearchxMethodology. 0aQuestionnaires. 7aElectronic books.2local1 aGrootaert, Christiaan,d1950-2 aebrary, Inc. 0aWorld Bank working paper ;vno. 18.40uhttp://site.ebrary.com/lib/rucke/Doc?id=10052013zAn electronic book accessible through the World Wide Web; click to view